| 000 | 00429nam a2200133Ia 4500 | ||
|---|---|---|---|
| 008 | 210430s9999 xx 000 0 und d | ||
| 020 | _a7801727517 | ||
| 082 | _a662.2 S6781 I | ||
| 100 | _aNanjing Jiangsu P.R.China | ||
| 245 | 4 |
_aThe 2nd International Seminar on Industrial Explosive Materials / _cNanjing Jiangsu P.R.China |
|
| 260 |
_aOrdance Industry _bNanjing Jiangsu P.R.China _c2006 |
||
| 300 | _a426p | ||
| 942 |
_cBK _2ddc |
||
| 999 |
_c562012 _d562012 |
||